IFM Opac

Baran,P A (Record no. 15934)

MARC details
000 -LEADER
fixed length control field 00256nam a22001217a 4500
020 ## - INTERNATIONAL STANDARD BOOK NUMBER
International Standard Book Number 853451133
082 ## - DEWEY DECIMAL CLASSIFICATION NUMBER
Classification number 320.53. 15 BAR
245 ## - TITLE STATEMENT
Title Baran,P A
260 ## - PUBLICATION, DISTRIBUTION, ETC.
Place of publication, distribution, etc. New york
Date of publication, distribution, etc. 1969
300 ## - PHYSICAL DESCRIPTION
Extent xxviii,444p.
Other physical details 20cm
500 ## - GENERAL NOTE
General note Including Index.
942 ## - ADDED ENTRY ELEMENTS (KOHA)
Koha item type Books
Holdings
Withdrawn status Lost status Damaged status Not for loan Home library Current library Shelving location Date acquired Total Checkouts Full call number Barcode Date last seen Price effective from Koha item type
Withdrawn       IFM Main Campus Library IFM Main Campus Library Archival Collection 04/19/2016   320.53. 15 BAR 0000015432 04/19/2016 02/19/2022 Books
Withdrawn       IFM Main Campus Library IFM Main Campus Library Archival Collection 04/19/2016   320.53. 15 BAR 0000015099 04/19/2016 02/19/2022 Books